000 00635nam a2200241Ia 4500
003 OSt
005 20221006143043.0
006 a|||||r|||| 00| 0
007 ta
008 221006b |||||||| |||| 00| 0 eng d
020 _c400.00
024 _a7,913
037 _cTextual
040 _aEASL
_cEASL
_beng
041 _2eng
_aeng
082 _a428v42, M7
100 _aYAMAMOTO Chikyo
_9403246
245 0 _aHistory of mantrayana in Japan
260 _aNew Delhi
_bAditya Prakashan India
_c1987
300 _a207p.
_ccm.
942 _h428v42, M7
_cTEXL
_2CC
999 _c1075999
_d1075999